This Isn't About You, Harry! Quiz Stats

 Plays Quiz Updated Jul 12, 2018

Challenge
Share
Tweet
Embed
Score 0/7 Timer 02:00
3 Plays Today
Hint Character % Correct
Who is the Prisoner of Azkaban?Sirius Black
98%
Who is the Half-Blood Prince?Severus Snape
95.8%
Who founded the Order of the Phoenix?Albus Dumbledore
91.3%
Who successfully tampers with the Goblet of Fire?Barty Crouch Jr. (disguised as Alastor Moody)
88.8%
Who built the Chamber of Secrets?Salazar Slytherin
88.4%
Who created the Sorcerer's Stone?Nicolas Flamel
83.7%
Who supposedly created the Deathly Hallows?Death
69.6%

You're not logged in!

Compare scores with friends on all Sporcle quizzes.
OR
Log In

You Might Also Like...

Show Comments

Extras

Top Quizzes Today


Score Distribution

Your Account Isn't Verified!

In order to create a playlist on Sporcle, you need to verify the email address you used during registration. Go to your Sporcle Settings to finish the process.

Report this User

Report this user for behavior that violates our Community Guidelines.

Details: